[Event "EU-ch Online U2300 Qual"]
[Site "Chess.com INT"]
[Date "2020.05.25"]
[Round "4"]
[White "Fernandez Madrid, Carlos"]
[Black "Siradze, Salome"]
[Result "1-0"]
[WhiteElo "2118"]
[BlackElo "2008"]
[PlyCount "87"]
[EventDate "2020.05.25"]
[EventType "swiss"]
[EventRounds "8"]
[EventCountry "NET"]
[SourceTitle "EXT 2021"]
[Source "ChessBase"]
[SourceDate "2020.10.23"]
[SourceVersion "1"]
[SourceVersionDate "2020.10.23"]
[SourceQuality "1"]

1. d4 Nf6 2. Nf3 g6 3. g3 Bg7 4. Bg2 0-0 5. c4 d6 6. 0-0 Nbd7 7. b3 e5 8. dxe5 dxe5 9. Bb2 Nh5 10. Nc3 c6 11. Qc2 Re8 12. Rad1 Qe7 13. Ne4 Nc5 14. Nd6 Rd8 15. Nxc8 Raxc8 16. Ba3 b6 17. Bb2 f5 18. Rxd8+ Rxd8 19. Rd1 Rd7 20. Rxd7 Nxd7 21. e4 f4 22. Bh3 fxg3 23. hxg3 Nc5 24. b4 Na6 25. a3 Nc7 26. Qd3 Ne8 27. Qd7 Qxd7 28. Bxd7 Nd6 29. Bxc6 Nxc4 30. Bd5+ Kf8 31. Bxc4 Ke7 32. Bxe5 Nf6 33. Bxf6+ Bxf6 34. e5 Bg7 35. e6 Bb2 36. a4 Ba3 37. b5 Bc1 38. Nd4 Bg5 39. Nc6+ Kd6 40. Nxa7 Kc5 41. Bb3 Kb4 42. Bd1 Bd8 43. Nc6+ Kc5 44. Nxd8 1-0

[Event "EU-ch Online U2300 Qual"]
[Site "Chess.com INT"]
[Date "2020.05.25"]
[Round "2"]
[White "Siradze, Salome"]
[Black "Kucera, Jiri"]
[Result "1-0"]
[WhiteElo "2008"]
[BlackElo "2019"]
[PlyCount "99"]
[EventDate "2020.05.25"]
[EventType "swiss"]
[EventRounds "8"]
[EventCountry "NET"]
[SourceTitle "EXT 2021"]
[Source "ChessBase"]
[SourceDate "2020.10.23"]
[SourceVersion "1"]
[SourceVersionDate "2020.10.23"]
[SourceQuality "1"]

1. d4 d6 2. Nf3 f5 3. Nc3 Nf6 4. Bg5 e6 5. e4 fxe4 6. Nxe4 Be7 7. Nxf6+ Bxf6 8. h4 0-0 9. Bd3 e5 10. Qe2 Bg4 11. 0-0-0 Bxf3 12. gxf3 Nc6 13. Qe4 g6 14. Bh6 Bg7 15. Bc4+ Kh8 16. Bxg7+ Kxg7 17. h5 Rf4 18. h6+ Kh8 19. Qd5 Qf6 20. Rhe1 Nxd4 21. Qxb7 Rf8 22. Qxc7 g5 23. c3 Nf5 24. Bd3 Qxh6 25. Bxf5 R4xf5 26. Rxd6 R5f6 27. Rxf6 Qxf6 28. Qxe5 Qxe5 29. Rxe5 Rxf3 30. Rxg5 Rxf2 31. a4 h6 32. Rg3 Kh7 33. Kb1 h5 34. b4 Kh6 35. b5 h4 36. Rg4 Kh5 37. Rg8 h3 38. a5 h2 39. Rh8+ Kg4 40. b6 axb6 41. axb6 Rf1+ 42. Kb2 h1Q 43. Rxh1 Rxh1 44. c4 Kf5 45. Kb3 Ke5 46. Kb4 Rb1+ 47. Kc5 Ke6 48. Kc6 Rb4 49. c5 Ke7 50. Kc7 1-0

[Event "Universiad (Women) 27th"]
[Site "Kazan"]
[Date "2013.07.14"]
[Round "7"]
[White "Mader, Manuela"]
[Black "Siradze, Salome"]
[Result "1-0"]
[WhiteElo "2212"]
[BlackElo "2069"]
[PlyCount "101"]
[EventDate "2013.07.09"]
[EventType "swiss"]
[EventRounds "9"]
[EventCountry "RUS"]
[SourceTitle "EXT 2014"]
[Source "ChessBase"]
[SourceDate "2013.11.20"]
[SourceVersion "1"]
[SourceVersionDate "2013.11.20"]
[SourceQuality "1"]

1. d4 Nf6 2. c4 g6 3. Nc3 Bg7 4. e4 d6 5. Nf3 0-0 6. Be2 Nbd7 7. 0-0 e5 8. Re1 exd4 9. Nxd4 Re8 10. Bf1 c6 11. Nb3 Qc7 12. f3 b6 13. Be3 Bb7 14. Qd2 Rad8 15. Rac1 Qb8 16. Bg5 Nf8 17. Nd4 Ne6 18. Nxe6 Rxe6 19. Rcd1 Ree8 20. Qf4 Nh5 21. Qh4 f6 22. Be3 Bf8 23. g4 Ng7 24. c5 bxc5 25. Bc4+ d5 26. exd5 cxd5 27. Bxd5+ Bxd5 28. Nxd5 Rxd5 29. Rxd5 Qb7 30. Rd2 c4 31. Bd4 Rxe1+ 32. Qxe1 Qxf3 33. Qe2 Qc6 34. Rc2 Ne6 35. Bf2 Kh8 36. Rxc4 Qd5 37. Qe4 Qd7 38. h4 Bd6 39. Qc6 Qe7 40. Re4 Be5 41. Be3 Qd8 42. Kf2 Qd1 43. Rxe5 fxe5 44. Qxe6 Qc2+ 45. Kg3 Qxb2 46. Qe8+ Kg7 47. Bh6+ Kf6 48. Bg5+ Kg7 49. Qd7+ Kg8 50. Qe6+ Kg7 51. Bf6+ 1-0

[Event "Universiad (Women) 27th"]
[Site "Kazan"]
[Date "2013.07.14"]
[Round "8"]
[White "Siradze, Salome"]
[Black "Vo, Thi Kim Phung"]
[Result "0-1"]
[WhiteElo "2069"]
[BlackElo "2199"]
[PlyCount "110"]
[EventDate "2013.07.09"]
[EventType "swiss"]
[EventRounds "9"]
[EventCountry "RUS"]
[SourceTitle "EXT 2014"]
[Source "ChessBase"]
[SourceDate "2013.11.20"]
[SourceVersion "1"]
[SourceVersionDate "2013.11.20"]
[SourceQuality "1"]

1. d4 d5 2. Nf3 Nf6 3. c4 c6 4. Nc3 a6 5. cxd5 cxd5 6. Qa4+ Nc6 7. Bf4 Bf5 8. Ne5 Qb6 9. Nxc6 bxc6 10. e3 e6 11. Be2 Be7 12. 0-0 0-0 13. Qb3 Qxb3 14. axb3 a5 15. Rfc1 Rfc8 16. Na4 Nd7 17. Nc5 Bxc5 18. dxc5 e5 19. Bg3 Rcb8 20. Ra3 f6 21. f3 a4 22. Rxa4 Rxa4 23. bxa4 Rxb2 24. Bd1 Bd3 25. a5 Nxc5 26. Rxc5 Rb1 27. Be1 Rxd1 28. Kf2 Bb5 29. Rc2 Ra1 30. Bc3 Ra3 31. Bb4 Ra4 32. Rb2 Kf7 33. Ke1 Ke6 34. Kd2 d4 35. exd4 exd4 36. Kc2 Kd5 37. Bf8 g6 38. Be7 Rxa5 39. Bxf6 Ra7 40. Rb4 Ba4+ 41. Kd2 c5 42. Rb8 Bd7 43. Kc2 Ra2+ 44. Rb2 Ba4+ 45. Kc1 Rxb2 46. Kxb2 c4 47. Kc1 c3 48. g4 Kc4 49. Bg5 d3 50. Be3 d2+ 51. Bxd2 cxd2+ 52. Kxd2 Kd4 53. h4 Bb5 54. h5 gxh5 55. gxh5 h6 0-1

[Event "Universiad (Women) 27th"]
[Site "Kazan"]
[Date "2013.07.12"]
[Round "6"]
[White "Siradze, Salome"]
[Black "Veliyeva, Hurma"]
[Result "1-0"]
[WhiteElo "2069"]
[BlackElo "1988"]
[PlyCount "91"]
[EventDate "2013.07.09"]
[EventType "swiss"]
[EventRounds "9"]
[EventCountry "RUS"]
[SourceTitle "EXT 2014"]
[Source "ChessBase"]
[SourceDate "2013.11.20"]
[SourceVersion "1"]
[SourceVersionDate "2013.11.20"]
[SourceQuality "1"]

1. d4 Nf6 2. Nf3 g6 3. c4 Bg7 4. Nc3 d6 5. e4 0-0 6. h3 Nbd7 7. Bg5 c5 8. d5 a6 9. a4 Qc7 10. Be2 e6 11. 0-0 exd5 12. exd5 Re8 13. Bd3 Nf8 14. Nd2 Bd7 15. Nde4 Nxe4 16. Nxe4 Rec8 17. Bf4 Be5 18. Bxe5 dxe5 19. Nf6+ Kg7 20. Qf3 Qb6 21. Ng4 Qd6 22. Rfe1 Re8 23. Qg3 Bxg4 24. hxg4 f6 25. Re3 a5 26. Rae1 Nd7 27. Qh4 Re7 28. Rh3 Nf8 29. g5 fxg5 30. Qh6+ Kg8 31. Qxg5 Rae8 32. Rhe3 Kf7 33. Qh6 Kg8 34. Qh4 Kf7 35. b3 b6 36. Bc2 Kg7 37. f4 Nd7 38. f5 Qf6 39. Qg4 g5 40. d6 Rf7 41. Be4 h6 42. Rd1 Nb8 43. Bd5 Qxf5 44. Qh5 Rff8 45. Rf3 Qd7 46. Rdf1 1-0

[Event "Universiad (Women) 27th"]
[Site "Kazan"]
[Date "2013.07.11"]
[Round "4"]
[White "Siradze, Salome"]
[Black "Davletbayeva, Madina"]
[Result "0-1"]
[WhiteElo "2069"]
[BlackElo "2260"]
[PlyCount "126"]
[EventDate "2013.07.09"]
[EventType "swiss"]
[EventRounds "9"]
[EventCountry "RUS"]
[SourceTitle "EXT 2014"]
[Source "ChessBase"]
[SourceDate "2013.11.20"]
[SourceVersion "1"]
[SourceVersionDate "2013.11.20"]
[SourceQuality "1"]

1. d4 Nf6 2. Nf3 e6 3. c4 Bb4+ 4. Bd2 a5 5. g3 d6 6. Bg2 Nbd7 7. Nc3 e5 8. dxe5 dxe5 9. Ng5 0-0 10. 0-0 Nb6 11. b3 a4 12. Qc2 h6 13. Nge4 Nxe4 14. Nxe4 Bxd2 15. Nxd2 Bg4 16. Ne4 Qe7 17. Nc3 c6 18. h3 Bh5 19. Be4 f6 20. Rfd1 Qb4 21. Bf5 Bf7 22. Ne4 axb3 23. axb3 Rxa1 24. Rxa1 Qe7 25. c5 Nd5 26. Nd6 Be6 27. Ra7 Rb8 28. Bxe6+ Qxe6 29. Qc4 b5 30. Qg4 Qxg4 31. hxg4 Rf8 32. e4 Nb4 33. Rc7 g6 34. Nb7 Ra8 35. Nd6 Ra1+ 36. Kg2 Rc1 37. Ne8 Nd3 38. Nxf6+ Kf8 39. Nd7+ Ke8 40. Nf6+ Kf8 41. b4 Rc2 42. Rxc6 Rxf2+ 43. Kg1 Rb2 44. Nd5 Ke8 45. Rb6 Nxb4 46. Nc7+ Kd7 47. Nxb5 Rb1+ 48. Kg2 Rb2+ 49. Kh3 g5 50. Rxh6 Rc2 51. Nd6 Nd3 52. Nf7 Nf2+ 53. Kg2 Nxg4+ 54. Kf3 Nxh6 55. Nxh6 Ke6 56. Kg4 Rxc5 57. Nf5 Rc4 58. Kf3 g4+ 59. Ke3 Rc3+ 60. Ke2 Rf3 61. Ne3 Rxg3 62. Kf2 Rf3+ 63. Ke2 Rf4 0-1

[Event "Universiad (Women) 27th"]
[Site "Kazan"]
[Date "2013.07.09"]
[Round "1"]
[White "Girya, Olga"]
[Black "Siradze, Salome"]
[Result "1-0"]
[WhiteElo "2437"]
[BlackElo "2069"]
[PlyCount "55"]
[EventDate "2013.07.09"]
[EventType "swiss"]
[EventRounds "9"]
[EventCountry "RUS"]
[SourceTitle "CBM 155 Extra"]
[Source "ChessBase"]
[SourceDate "2013.08.26"]
[SourceVersion "1"]
[SourceVersionDate "2013.08.26"]
[SourceQuality "1"]

1. d4 Nf6 2. c4 g6 3. Nc3 Bg7 4. e4 d6 5. f3 0-0 6. Bg5 c5 7. d5 a6 8. Qd2 Re8 9. Nge2 Nbd7 10. Ng3 Nf8 11. Be2 Bd7 12. 0-0 Rb8 13. a4 h5 14. h3 N8h7 15. Be3 Qc8 16. f4 Bxh3 17. gxh3 Qxh3 18. Nh1 Ng4 19. Bxg4 hxg4 20. Rf2 Bxc3 21. Qxc3 Nf6 22. Rh2 Qf3 23. Rf1 g3 24. Rxf3 gxh2+ 25. Kxh2 Kg7 26. Nf2 Rh8+ 27. Rh3 Rxh3+ 28. Kxh3 1-0

[Event "Poti Aleksandria Cup"]
[Site "Poti"]
[Date "2011.07.12"]
[Round "2"]
[White "Morchiashvili, Bachana"]
[Black "Siradze, Salome"]
[Result "1-0"]
[WhiteElo "2376"]
[BlackElo "2031"]
[PlyCount "113"]
[EventDate "2011.07.11"]
[EventType "swiss"]
[EventRounds "9"]
[EventCountry "GEO"]
[SourceTitle "CBM 143 Extra"]
[Source "ChessBase"]
[SourceDate "2011.08.29"]
[SourceVersion "1"]
[SourceVersionDate "2011.08.29"]
[SourceQuality "1"]

1. d4 Nf6 2. c4 g6 3. Nc3 Bg7 4. e4 d6 5. Nf3 0-0 6. Be2 Nbd7 7. 0-0 e5 8. Re1 exd4 9. Nxd4 Nc5 10. Bf1 Re8 11. f3 a5 12. Be3 Nfd7 13. Qd2 Ne5 14. Rad1 f5 15. Bg5 Bf6 16. Bxf6 Qxf6 17. Nd5 Qg7 18. Qg5 Rf8 19. exf5 Bxf5 20. Nxf5 Rxf5 21. Ne7+ Kh8 22. Nxf5 gxf5 23. Qxg7+ Kxg7 24. f4 Nc6 25. g3 Kf6 26. Bg2 Ra6 27. Re8 Rb6 28. Rd2 a4 29. Rf8+ Kg6 30. Rc8 Na5 31. Rc2 Nd3 32. Rxc7 Nxb2 33. c5 dxc5 34. R7xc5 Nac4 35. R5xc4 Nxc4 36. Rxc4 Rb1+ 37. Bf1 b5 38. Rc6+ Kg7 39. Rc5 b4 40. Rxf5 Rb2 41. Rb5 h5 42. Bc4 b3 43. Rb7+ Kf6 44. axb3 a3 45. Ra7 a2 46. Bf1 Kf5 47. b4 Kg4 48. b5 h4 49. Ra3 hxg3 50. hxg3 Kf5 51. b6 Kg4 52. b7 Rxb7 53. Be2+ Kh3 54. Kf2 Rb3 55. Ra8 a1Q 56. Rxa1 Kh2 57. Ra8 1-0

[Event "Tbilisi Cup"]
[Site "Tbilisi"]
[Date "2010.05.22"]
[Round "8"]
[White "Muzychuk, Anna"]
[Black "Siradze, Salome"]
[Result "1-0"]
[WhiteElo "2529"]
[BlackElo "2039"]
[PlyCount "45"]
[EventDate "2010.05.15"]
[EventType "swiss"]
[EventRounds "9"]
[EventCountry "GEO"]
[SourceTitle "CBM 136 Extra"]
[Source "ChessBase"]
[SourceDate "2010.07.02"]
[SourceVersion "2"]
[SourceVersionDate "2010.07.15"]
[SourceQuality "1"]

1. e4 c5 2. Nc3 Nc6 3. Bb5 Nd4 4. Bc4 d6 5. Nge2 Nf6 6. 0-0 e6 7. d3 d5 8. exd5 exd5 9. Nxd5 Nxd5 10. Nxd4 cxd4 11. Qh5 Be6 12. Re1 Be7 13. Rxe6 0-0 14. Re2 Nf6 15. Qf3 Qd7 16. Bd2 Bd6 17. h3 Qc7 18. Rae1 Nd7 19. Qg4 Ne5 20. Qxd4 Ng6 21. Bc3 Be5 22. Rxe5 Nxe5 23. Rxe5 1-0

[Event "Barcelona Edami op 8th"]
[Site "Barcelona"]
[Date "2010.03.02"]
[Round "5.2"]
[White "Nikoladze, Sopio"]
[Black "Siradze, Salome"]
[Result "1/2-1/2"]
[WhiteElo "2179"]
[BlackElo "1982"]
[PlyCount "29"]
[EventDate "2010.02.02"]
[EventType "swiss"]
[EventRounds "8"]
[EventCountry "ESP"]
[SourceTitle "EXT 2024"]
[Source "ChessBase"]
[SourceDate "2023.10.10"]
[SourceVersion "1"]
[SourceVersionDate "2023.10.10"]
[SourceQuality "1"]

1. d4 Nf6 2. Nf3 g6 3. g3 Bg7 4. Bg2 0-0 5. 0-0 d6 6. c4 Nbd7 7. Nc3 e5 8. h3 c6 9. e4 Re8 10. Re1 d5 11. Be3 exd4 12. Nxd4 Nc5 13. Qc2 Ne6 14. Rad1 Qe7 15. Nxe6 1/2-1/2

[Event "Barcelona Edami op 8th"]
[Site "Barcelona"]
[Date "2010.02.09"]
[Round "2.4"]
[White "Sanchez Criado, Lluis"]
[Black "Siradze, Salome"]
[Result "0-1"]
[WhiteElo "2167"]
[BlackElo "1982"]
[PlyCount "158"]
[EventDate "2010.02.02"]
[EventType "swiss"]
[EventRounds "8"]
[EventCountry "ESP"]
[SourceTitle "EXT 2024"]
[Source "ChessBase"]
[SourceDate "2023.10.10"]
[SourceVersion "1"]
[SourceVersionDate "2023.10.10"]
[SourceQuality "1"]

1. d4 Nf6 2. c4 g6 3. Nc3 Bg7 4. Nf3 d6 5. g3 0-0 6. Bg2 Nbd7 7. 0-0 e5 8. dxe5 dxe5 9. Qc2 c6 10. Rd1 Qe7 11. h3 Nc5 12. e4 Ne8 13. b3 Ne6 14. a4 Nd4 15. Nxd4 exd4 16. Ba3 c5 17. Nd5 Qd6 18. Qd3 a5 19. f4 f6 20. Re1 b6 21. Rad1 Ra7 22. Qe2 Qd8 23. f5 Nd6 24. g4 Nf7 25. Bc1 g5 26. h4 h6 27. hxg5 hxg5 28. Qf3 Ne5 29. Qg3 Rff7 30. Kf2 Qd6 31. Rh1 Bf8 32. Rh5 Rh7 33. Rdh1 Rxh5 34. Rxh5 Rh7 35. Rxh7 Kxh7 36. Bd2 Bb7 37. Bf1 Bxd5 38. exd5 Qe7 39. Be2 Qg7 40. Qh3+ Qh6 41. Qxh6+ Kxh6 42. Kg2 Bd6 43. Be1 Nf7 44. Bg3 Bxg3 45. Kxg3 Nd6 46. Kf3 Kg7 47. Bd1 Kf7 48. Be2 Ke7 49. Bd1 Nf7 50. Ke4 Kd6 51. Be2 Ne5 52. Bd1 Nd7 53. Be2 Nb8 54. Bd1 Na6 55. Bc2 Nb4 56. Bb1 Kd7 57. Kf3 Ke7 58. Ke4 Kd6 59. Bd3 Na2 60. Be2 Nc3+ 61. Kd3 Ke5 62. Bf3 Na2 63. Bd1 Nb4+ 64. Kd2 Kf4 65. d6 Nc6 66. d7 Ke4 67. Be2 Nd8 68. Bd1 Ke5 69. Kd3 Kd6 70. Ke4 Kxd7 71. Kd5 Nc6 72. Bf3 Nb4+ 73. Ke4 Kd6 74. Bd1 Na2 75. Bc2 Nc3+ 76. Kf3 Ke5 77. Bd3 Na2 78. Bb1 Nc1 79. Bc2 d3 0-1

[Event "Wch U16 Girls"]
[Site "Batumi"]
[Date "2006.10.26"]
[Round "9"]
[White "Chirita, Andra Marina"]
[Black "Siradze, Salome"]
[Result "0-1"]
[WhiteElo "1972"]
[BlackElo "1961"]
[PlyCount "60"]
[EventDate "2006.10.19"]
[EventType "swiss"]
[EventRounds "13"]
[EventCountry "GEO"]
[SourceTitle "EXT 2007"]
[Source "ChessBase"]
[SourceDate "2006.11.23"]
[SourceVersion "1"]
[SourceVersionDate "2006.11.23"]
[SourceQuality "1"]

1. d4 d5 2. c4 e6 3. Nc3 Be7 4. Nf3 c6 5. cxd5 exd5 6. Qc2 Nd7 7. Bf4 Ngf6 8. e3 Nh5 9. Bg3 0-0 10. Bd3 g6 11. 0-0 Nxg3 12. hxg3 f5 13. Rab1 a5 14. a3 Bd6 15. b4 b5 16. Ne2 Bb7 17. Nf4 Qe7 18. Nh2 axb4 19. axb4 Ra4 20. Qe2 Rfa8 21. g4 fxg4 22. Qxg4 Nf6 23. Qh3 Rxb4 24. Bxg6 hxg6 25. Nxg6 Qg7 26. Qe6+ Kh7 27. Nf3 Rxb1 28. Rxb1 Qxg6 29. Rf1 Rd8 30. Nh4 Bc8 0-1